[Event "St Petersburg Summer op"]
[Site "St Petersburg"]
[Date "2016.08.23"]
[Round "7"]
[White "Kozyrin, Aleksandr"]
[Black "Shidlovskiy, Artemiy"]
[Result "1-0"]
[WhiteElo "2058"]
[BlackElo "1884"]
[PlyCount "79"]
[EventDate "2016.08.17"]
[EventType "swiss"]
[EventRounds "9"]
[EventCountry "RUS"]
[SourceTitle "CBM 174 Extra"]
[Source "ChessBase"]
[SourceDate "2016.10.10"]
[SourceVersion "1"]
[SourceVersionDate "2016.10.10"]
[SourceQuality "1"]

1. c4 c6 2. d4 d5 3. Nf3 Nf6 4. g3 dxc4 5. Bg2 Bf5 6. 0-0 e6 7. Nc3 h6 8. Ne5 Nbd7 9. Nxc4 Nb6 10. Ne5 Bd6 11. e4 Bh7 12. f4 Bb4 13. Re1 0-0 14. a3 Be7 15. Be3 Nfd7 16. Nxd7 Qxd7 17. Qe2 f5 18. e5 Rac8 19. b4 Bg6 20. Bf2 Nd5 21. Rec1 Rfd8 22. Bf3 Rf8 23. Rc2 Rc7 24. Rac1 Rfc8 25. Na4 b6 26. Nc3 Be8 27. Qa6 g5 28. Nxd5 cxd5 29. Qxc8 Rxc8 30. Rxc8 Bd8 31. fxg5 hxg5 32. Be3 g4 33. Be2 Kf7 34. a4 Qe7 35. h4 gxh3 36. Bh5+ Kg7 37. Bxe8 Qxe8 38. R1c7+ Kh8 39. Bg5 h2+ 40. Kh1 1-0

[Event "St Petersburg Summer op"]
[Site "St Petersburg"]
[Date "2016.08.21"]
[Round "5"]
[White "Kozyrin, Aleksandr"]
[Black "Popovich, Alexey"]
[Result "1-0"]
[WhiteElo "2058"]
[BlackElo "1818"]
[PlyCount "114"]
[EventDate "2016.08.17"]
[EventType "swiss"]
[EventRounds "9"]
[EventCountry "RUS"]
[SourceTitle "CBM 174 Extra"]
[Source "ChessBase"]
[SourceDate "2016.10.10"]
[SourceVersion "1"]
[SourceVersionDate "2016.10.10"]
[SourceQuality "1"]

1. c4 e5 2. Nc3 Nf6 3. Nf3 Nc6 4. g3 d5 5. cxd5 Nxd5 6. d3 Be7 7. Bg2 Be6 8. 0-0 0-0 9. a3 h6 10. Bd2 Qd7 11. Rc1 f5 12. b4 a6 13. Qc2 Rad8 14. Na4 Rfe8 15. Nc5 Bxc5 16. Qxc5 e4 17. Ne1 Nf6 18. Bc3 b6 19. Qe3 Nd5 20. Qd2 Nxc3 21. Rxc3 Bf7 22. Nc2 Ne5 23. d4 Nc6 24. Rd1 Re7 25. e3 Ne5 26. Ne1 Nc4 27. Qc2 b5 28. Bf1 c6 29. Rc1 Qb7 30. Bxc4 Bxc4 31. Rxc4 bxc4 32. Qxc4+ Rd5 33. Qxc6 Qxc6 34. Rxc6 a5 35. Rc5 Rxc5 36. dxc5 axb4 37. axb4 Rb7 38. Nc2 Kf7 39. Kf1 g6 40. Ke2 Ke6 41. c6 Rb8 42. Nd4+ Kd6 43. b5 Kc5 44. Kd2 Ra8 45. Kc3 Ra3+ 46. Kb2 Ra8 47. Kb3 Rb8 48. h4 g5 49. c7 Rc8 50. h5 Kb6 51. Nxf5 Rxc7 52. Kb4 Rf7 53. g4 Rf6 54. Kc4 Re6 55. Kd5 Re8 56. Nd6 Rd8 57. Ke5 Kc5 1-0

[Event "St Petersburg Summer op"]
[Site "St Petersburg"]
[Date "2016.08.17"]
[Round "1"]
[White "Nordquelle, Amelia"]
[Black "Kozyrin, Aleksandr"]
[Result "0-1"]
[WhiteElo "1153"]
[BlackElo "2058"]
[PlyCount "62"]
[EventDate "2016.08.17"]
[EventType "swiss"]
[EventRounds "9"]
[EventCountry "RUS"]
[SourceTitle "CBM 174 Extra"]
[Source "ChessBase"]
[SourceDate "2016.10.10"]
[SourceVersion "1"]
[SourceVersionDate "2016.10.10"]
[SourceQuality "1"]

1. d4 d5 2. c4 c6 3. e3 Nf6 4. Nc3 e6 5. Nf3 Nbd7 6. Bd2 Bd6 7. Be2 0-0 8. 0-0 Qe7 9. Bd3 dxc4 10. Bxc4 e5 11. Ne1 e4 12. Qc2 Nb6 13. Be2 Bf5 14. Qd1 Nbd5 15. Bc4 Bxh2+ 16. Kxh2 Ng4+ 17. Kg3 Qd6+ 18. f4 Nxc3 19. bxc3 Qh6 20. Qxg4 Bxg4 21. Kxg4 Kh8 22. Kg3 g5 23. Kf2 Qh4+ 24. Ke2 Qg4+ 25. Kf2 b5 26. Bb3 gxf4 27. exf4 Rg8 28. Bxf7 Rg7 29. Bb3 e3+ 30. Bxe3 Re8 31. Rg1 Qg3+ 0-1

[Event "Voronezh op-B 18th"]
[Site "Voronezh"]
[Date "2014.06.15"]
[Round "4"]
[White "Kozyrin, Aleksandr"]
[Black "Filippov, Vladimir Mikhailovi"]
[Result "1-0"]
[WhiteElo "1880"]
[BlackElo "2015"]
[PlyCount "65"]
[EventDate "2014.06.12"]
[EventType "swiss"]
[EventRounds "9"]
[EventCountry "RUS"]
[SourceTitle "EXT 2015"]
[Source "ChessBase"]
[SourceDate "2014.11.20"]
[SourceVersion "1"]
[SourceVersionDate "2014.11.20"]
[SourceQuality "1"]

1. c4 g6 2. Nc3 c5 3. Nf3 Bg7 4. d4 cxd4 5. Nxd4 Nc6 6. Nb3 Nf6 7. e4 0-0 8. Be2 d6 9. 0-0 b6 10. Be3 Be6 11. f3 Rc8 12. Rc1 Nd7 13. Qd2 Re8 14. Nd5 Nc5 15. Na1 Bd7 16. b3 Ne6 17. Nc2 Nc7 18. Rcd1 Nxd5 19. exd5 Na5 20. Nd4 Nb7 21. Bd3 Rc7 22. f4 Qc8 23. f5 Bxd4 24. Bxd4 e5 25. dxe6 fxe6 26. Qh6 e5 27. fxg6 Bg4 28. Rf7 Rxf7 29. gxf7+ Kxf7 30. Rf1+ Ke7 31. Qxh7+ Kd8 32. Be3 Nc5 33. Bg5+ 1-0